1441 1183 1960 1239 1181 1621 1697 1834 1521 1409 1689 1155 1270 1567 1551 1626 1989 1602 1016 1268 1685 1628 1464 1211 1575 1664 1764 1193 1399 1061 1180 1943 1497 1116 1385 1710 1272 1451 1801 1723 1283 1639 1205 1081 1593 1555 1832 1942 1041 1841 1442 1496 1889 1452 1611 1064 1560 1942 1536 1369 1167 1903 1421 1326 1903 1889 1718 1059 1332 1295 1686 1837 1062 1011 1802 1727 1305 1967 1474 1188 1459 1721 1462 1783 1292 1736 1437 1224 1351 1097 1616 1121 1453 1647 1380 1303 1913 1016 1805 BCNSPRNW ULIB Ver.6.0+V

เปลี่ยนเป็นภาษาไทย

Change to English
 แสดงรายละเอียดบรรณานุกรม
  กลับหน้าหลัก

Brief Record : Get Marc (ISO 2709) : E-mail record : QR code < ปิดหน้าต่าง
LEADER : 00000nam 2200000uu 4500
001    13399114189
003     ULIB
008    120228s2550||||th 000 0 tha d
020    ^a9789748817064
060 04 ^aWY11^bว559ป 2550
100 0  ^aวิเชียร ทวีลาภ
245 10 ^aประวัติและวิวัฒนาการการพยาบาลในประเทศไทย พ.ศ. 2439/^cวิเชียร ทวีลาภ
250    ^aพิมพ์ครั้งที่ 1
260    ^aกรุงเทพฯ :^bวัฒนกิจพาณิชย์,^c2550
300    ^a[14], 145 หน้า :^bภาพประกอบ ;^c21 ซม.
650  4 ^aการพยาบาล
650  4 ^aประวัติการพยาบาล
945    ^p0^l0^i18817
945    ^p0^l0^i18818
995    ^aกัณชพร
999 ^a ใช้งานได้ทุกระบบ
รายการนี้ยังไม่มีแท็ก
คุณยังไม่ได้ล็อกอิน คุณสามารถมีกิจกรรมร่วมกับเว็บไซต์ได้ แต่ต้องล็อกอินก่อน ::
  ล็อกอิน

รายการสื่อสารสนเทศ

ลำดับที่ ประเภท เลขเรียก/บาร์โค้ด สถานที่ สถานะ
- ไม่พบข้อมูล -

รายการใกล้เคียง
    ผู้แต่ง [วิเชียร ทวีลาภ]

    หัวเรื่อง [การพยาบาล]
    หัวเรื่อง [ประวัติการพยาบาล]

BibComment


ยังไม่เคยถูกคอมเมนท์

คอมเมนท์ทรัพยากรรายการนี้
  คอมเมนท์: ประวัติและวิวัฒน..


 Copyright 2026. Bcnsprnw @Library